000 01223nam a22002777a 4500
005 2010091802302.0
008 100915t xxu||||| |||| 00| 0 hin d
010 _aHIN-90537
020 _c450.00
_a9789380190518
035 _aHN-62883
037 _bDBAD / PUB
040 _aDPL
_bHN
082 _a181.4
100 _920178
_aझा, रीता
245 _aभारतीय दर्शन में कर्म,ज्ञान और भक्ति उद्भव और विकास /
_cरीता झा
246 _aBhartiya darshan me karam, gain aur bhakti udhav aur vikas
_bby reeta jha
260 _aनई दिल्ली
_bसत्यम पब्लिशिंग हाउस
_c2010
270 _aएन-3/25ए, मोहन गार्डन
_bनई दिल्ली
_e110059
_k011 25358642
300 _a168पृ.
_c22सेमी (सजिल्द)
650 _91159
700 _920179
700 _920333
700 _920540
942 _2ddc
_cHN
_mझारीता
_h181.4
999 _c47454
_d47454